[Event "EU-ch Amateur Online Final 2000/2300"]
[Site "Tornelo INT"]
[Date "2021.04.28"]
[Round "2"]
[White "Kalogridis, Antonios"]
[Black "Vorobjov, Pavel"]
[Result "0-1"]
[WhiteElo "2080"]
[BlackElo "2293"]
[PlyCount "58"]
[EventDate "2021.04.28"]
[EventType "swiss (rapid)"]
[EventRounds "9"]
[EventCountry "NET"]
[SourceTitle "EXT 2023"]
[Source "ChessBase"]
[SourceDate "2022.10.05"]
[SourceVersion "1"]
[SourceVersionDate "2022.10.05"]
[SourceQuality "1"]

1. d4 Nf6 2. c4 g6 3. Nc3 Bg7 4. e4 d6 5. h3 0-0 6. Nf3 e5 7. d5 Na6 8. Be3 Nc5 9. Nd2 a5 10. g4 c6 11. Be2 a4 12. h4 Qa5 13. a3 Nfxe4 14. Qc2 Nxc3 15. bxc3 Bd7 16. h5 Rac8 17. h6 Bh8 18. Bxc5 dxc5 19. g5 Bf5 20. Bd3 e4 21. Bxe4 Qxc3 22. Bxf5 Qxa1+ 23. Nb1 gxf5 24. Qxf5 Qe5+ 25. Qxe5 Bxe5 26. 0-0 cxd5 27. cxd5 c4 28. Rc1 c3 29. Rc2 Rfd8 0-1

[Event "Orsha op"]
[Site "Orsha"]
[Date "2019.01.23"]
[Round "8"]
[White "Vorobjov, Pavel"]
[Black "Zarubitski, Viachaslau"]
[Result "1/2-1/2"]
[WhiteElo "2296"]
[BlackElo "2415"]
[PlyCount "52"]
[EventDate "2019.01.18"]
[EventType "swiss"]
[EventRounds "9"]
[EventCountry "BLR"]
[SourceTitle "CBM 188 Extra"]
[Source "ChessBase"]
[SourceDate "2019.02.26"]
[SourceVersion "1"]
[SourceVersionDate "2019.02.26"]
[SourceQuality "1"]

1. d4 Nf6 2. c4 e6 3. Nc3 Bb4 4. e3 0-0 5. Nge2 Re8 6. a3 Bf8 7. e4 d5 8. e5 Nfd7 9. c5 f6 10. f4 a5 11. Be3 Nc6 12. Qa4 Ne7 13. Bf2 b6 14. b4 bxc5 15. bxc5 Ba6 16. Ng3 Bxf1 17. Nxf1 fxe5 18. fxe5 Nf5 19. Nd2 Qc8 20. 0-0 c6 21. Qd1 Rb8 22. Qe2 Be7 23. Rab1 Bg5 24. Nf3 Bd8 25. Rxb8 Nxb8 26. Rb1 Bc7 1/2-1/2

[Event "Orsha op"]
[Site "Orsha"]
[Date "2019.01.22"]
[Round "7"]
[White "Gabdrakipov, Ilshat"]
[Black "Vorobjov, Pavel"]
[Result "0-1"]
[WhiteElo "2098"]
[BlackElo "2296"]
[PlyCount "132"]
[EventDate "2019.01.18"]
[EventType "swiss"]
[EventRounds "9"]
[EventCountry "BLR"]
[SourceTitle "CBM 188 Extra"]
[Source "ChessBase"]
[SourceDate "2019.02.26"]
[SourceVersion "1"]
[SourceVersionDate "2019.02.26"]
[SourceQuality "1"]

1. e4 c5 2. Nf3 d6 3. d4 cxd4 4. Nxd4 Nf6 5. Nc3 a6 6. Bg5 Nbd7 7. f4 h6 8. Bxf6 Nxf6 9. e5 dxe5 10. fxe5 Ng4 11. e6 Bxe6 12. Nxe6 Qxd1+ 13. Rxd1 fxe6 14. Be2 Ne5 15. 0-0 g6 16. Rd4 Bg7 17. Rb4 0-0-0 18. Ne4 Rd5 19. c3 Rhd8 20. Rb6 Ra5 21. a3 Nc6 22. Rf7 Be5 23. Bg4 Bc7 24. Rb3 Re5 25. Bf3 b5 26. a4 Bb6+ 27. Kf1 Rf5 28. Rxf5 exf5 29. Ng3 Ne5 30. Be2 Kc7 31. axb5 a5 32. c4 Rd4 33. Ra3 Rf4+ 34. Bf3 Rxc4 35. Ne2 Rc2 36. Nf4 Rf2+ 37. Ke1 Nxf3+ 38. Rxf3 Rxf3 39. gxf3 e5 40. Nd5+ Kb7 41. Ne7 Bd4 42. b3 Kb6 43. Nxg6 Kxb5 44. Kd2 Kb4 45. Kc2 e4 46. fxe4 fxe4 47. h3 Kc5 48. Kd2 Bf2 49. Nf4 Kd4 50. Ne2+ Ke5 51. Nc3 Bc5 52. Ke2 h5 53. Na2 Kd4 54. Kd2 Bb4+ 55. Ke2 Be7 56. Kd2 Bg5+ 57. Ke2 Bf4 58. b4 a4 59. b5 a3 60. b6 Kc4 61. b7 Kb3 62. Nc1+ Kb2 63. Kd1 Bb8 64. Kd2 e3+ 65. Kd1 e2+ 66. Kd2 e1Q+ 0-1

[Event "Orsha op"]
[Site "Orsha"]
[Date "2019.01.20"]
[Round "4"]
[White "Vorobjov, Pavel"]
[Black "Silich, Yahor"]
[Result "1/2-1/2"]
[WhiteElo "2296"]
[BlackElo "2116"]
[PlyCount "92"]
[EventDate "2019.01.18"]
[EventType "swiss"]
[EventRounds "9"]
[EventCountry "BLR"]
[SourceTitle "CBM 188 Extra"]
[Source "ChessBase"]
[SourceDate "2019.02.26"]
[SourceVersion "1"]
[SourceVersionDate "2019.02.26"]
[SourceQuality "1"]

1. d4 Nf6 2. c4 d6 3. Nc3 Nbd7 4. e4 e5 5. Nf3 g6 6. Be2 Bg7 7. 0-0 0-0 8. Be3 Ng4 9. Bg5 f6 10. Bh4 g5 11. Bg3 Nh6 12. dxe5 dxe5 13. b4 a5 14. a3 axb4 15. axb4 Rxa1 16. Qd5+ Nf7 17. Rxa1 f5 18. h3 f4 19. Bh2 c6 20. Qa5 Qe7 21. Nd2 Nf6 22. f3 h5 23. Qc5 Qe6 24. Kf1 g4 25. h4 Rd8 26. Rd1 Kh8 27. Bg1 Rg8 28. Qb6 Bh6 29. b5 gxf3 30. Nxf3 Rxg2 31. bxc6 bxc6 32. Ke1 Bf8 33. Ra1 Rg8 34. Ra7 Bd7 35. Kd1 Qd6+ 36. Kc2 Rg2 37. Ne1 Rg3 38. Bf2 Rxc3+ 39. Kxc3 Nxe4+ 40. Kb3 Nxf2 41. Bxh5 Nd3 42. Nc2 Nc1+ 43. Kb2 Nd3+ 44. Kb3 Nc5+ 45. Kb2 e4 46. Bxf7 Bg7+ 1/2-1/2

[Event "Orsha op"]
[Site "Orsha"]
[Date "2019.01.19"]
[Round "3"]
[White "Fedorov, Alexei"]
[Black "Vorobjov, Pavel"]
[Result "1/2-1/2"]
[WhiteElo "2557"]
[BlackElo "2296"]
[PlyCount "66"]
[EventDate "2019.01.18"]
[EventType "swiss"]
[EventRounds "9"]
[EventCountry "BLR"]
[SourceTitle "CBM 188 Extra"]
[Source "ChessBase"]
[SourceDate "2019.02.26"]
[SourceVersion "1"]
[SourceVersionDate "2019.02.26"]
[SourceQuality "1"]

1. e4 c5 2. Nc3 Nc6 3. Nf3 Nf6 4. Bb5 Nd4 5. Bc4 d6 6. h3 e6 7. 0-0 Be7 8. d3 Nxf3+ 9. Qxf3 0-0 10. a3 Qc7 11. Bf4 a6 12. Ba2 Bd7 13. Ne2 Bc6 14. Ng3 Rfe8 15. Rad1 Rad8 16. c3 h6 17. d4 cxd4 18. cxd4 e5 19. Be3 d5 20. Nf5 Nxe4 21. Bxh6 g6 22. Nxe7+ Qxe7 23. Be3 exd4 24. Bxd4 Bb5 25. Rfe1 Nd2 26. Qe3 Qxe3 27. Bxe3 Bc4 28. Bxc4 Nxc4 29. Bd4 Re6 30. a4 Rde8 31. Rxe6 fxe6 32. b3 Na5 33. Rd3 Nc6 1/2-1/2

[Event "Orsha blitz op"]
[Site "Orsha"]
[Date "2019.01.19"]
[Round "1"]
[White "Snitsarenko, Igor"]
[Black "Vorobjov, Pavel"]
[Result "0-1"]
[WhiteElo "1461"]
[BlackElo "2369"]
[PlyCount "78"]
[EventDate "2019.01.19"]
[EventType "swiss (blitz)"]
[EventRounds "10"]
[EventCountry "BLR"]
[SourceTitle "CBM 189 Extra"]
[Source "ChessBase"]
[SourceDate "2019.06.03"]
[SourceVersion "1"]
[SourceVersionDate "2019.06.03"]
[SourceQuality "1"]

1. e4 c5 2. Nf3 Nc6 3. d4 cxd4 4. Nxd4 Qb6 5. Nb3 Nf6 6. Nc3 e6 7. Be3 Qc7 8. Be2 Be7 9. 0-0 0-0 10. Kh1 d6 11. f4 a6 12. Qe1 b5 13. Bf3 b4 14. Ne2 Bb7 15. Ned4 a5 16. Nxc6 Bxc6 17. c3 Bxe4 18. cxb4 Bxf3 19. Rxf3 axb4 20. Qxb4 Rfb8 21. Qd2 Ne4 22. Qe1 Bf6 23. Rc1 Qb7 24. f5 Rxa2 25. fxe6 Qxb3 26. exf7+ Qxf7 27. Bd4 Re8 28. Bxf6 Nxf6 29. Qd2 d5 30. Rcf1 Ra6 31. Qd3 Rae6 32. h3 Qd7 33. Rf5 h6 34. b4 Re1 35. b5 Rxf1+ 36. Rxf1 Rb8 37. Rb1 Rb6 38. Qd4 Rxb5 39. Rxb5 Qxb5 0-1

[Event "EST-ch U20"]
[Site "Tallinn"]
[Date "2018.04.30"]
[Round "8"]
[White "Vorobjov, Pavel"]
[Black "Shishkov, Andrei"]
[Result "0-1"]
[WhiteElo "2233"]
[BlackElo "2366"]
[PlyCount "66"]
[EventDate "2018.04.25"]
[EventType "swiss"]
[EventRounds "9"]
[EventCountry "EST"]
[SourceTitle "CBM 184 Extra"]
[Source "ChessBase"]
[SourceDate "2018.06.28"]
[SourceVersion "1"]
[SourceVersionDate "2018.06.28"]
[SourceQuality "1"]

1. Nf3 Nf6 2. g3 b5 3. Bg2 Bb7 4. 0-0 e6 5. d3 Be7 6. a4 b4 7. e4 0-0 8. Nbd2 c5 9. Nc4 Nc6 10. Re1 d5 11. exd5 Nxd5 12. Be3 Nxe3 13. Rxe3 Qc7 14. Nfe5 Nd4 15. Bxb7 Qxb7 16. Nf3 Nf5 17. Re4 Rfd8 18. Qf1 Bf6 19. Rb1 h6 20. Qg2 b3 21. c3 Rxd3 22. Ne1 Rd5 23. Qf3 Rad8 24. Na5 Qb6 25. Nc4 Qa6 26. Ng2 Rd3 27. Qe2 Qxa4 28. Nd6 c4 29. Rxc4 Qa2 30. Qxd3 Nxd6 31. Rf4 Nc4 32. Rd4 Bxd4 33. cxd4 Rxd4 0-1

[Event "EST-ch U20"]
[Site "Tallinn"]
[Date "2018.04.26"]
[Round "2"]
[White "Vorobjov, Pavel"]
[Black "Volodin, Aleksandr"]
[Result "1/2-1/2"]
[WhiteElo "2233"]
[BlackElo "2462"]
[PlyCount "90"]
[EventDate "2018.04.25"]
[EventType "swiss"]
[EventRounds "9"]
[EventCountry "EST"]
[SourceTitle "CBM 184 Extra"]
[Source "ChessBase"]
[SourceDate "2018.06.28"]
[SourceVersion "1"]
[SourceVersionDate "2018.06.28"]
[SourceQuality "1"]

1. d4 d5 2. Bf4 e6 3. e3 c5 4. c3 Nc6 5. Nf3 Bd6 6. g3 Nge7 7. Bg2 Ng6 8. Bxd6 Qxd6 9. Nbd2 0-0 10. 0-0 Rd8 11. dxc5 Qxc5 12. e4 dxe4 13. Nxe4 Qe7 14. Qb3 f5 15. Neg5 h6 16. Nh3 Kh7 17. Nf4 e5 18. Nxg6 Kxg6 19. Rfe1 e4 20. g4 Qf6 21. Nd4 Nxd4 22. cxd4 Rxd4 23. gxf5+ Bxf5 24. Qxb7 Re8 25. Rad1 Rxd1 26. Rxd1 Re7 27. Qb8 Kh7 28. Qf4 Bg6 29. Qxf6 gxf6 30. Bh3 f5 31. Rd5 f4 32. Kf1 Bf7 33. Bf5+ Kg7 34. Rd4 Bg6 35. Bxg6 Kxg6 36. Ke2 Kf5 37. h3 e3 38. Rd1 exf2+ 39. Kxf2 Re3 40. Rd5+ Ke4 41. Ra5 Rf3+ 42. Ke2 Rxh3 43. Ra4+ Kf5 44. Rxa7 Rh2+ 45. Kf3 Rxb2 1/2-1/2

[Event "Jurmala Termo Eko Cup 12th"]
[Site "Jurmala"]
[Date "2018.02.18"]
[Round "6"]
[White "Vorobjov, Pavel"]
[Black "Bernotas, Arturs"]
[Result "0-1"]
[WhiteElo "2222"]
[BlackElo "2432"]
[PlyCount "114"]
[EventDate "2018.02.14"]
[EventType "swiss"]
[EventRounds "7"]
[EventCountry "LAT"]
[SourceTitle "CBM 182 Extra"]
[Source "ChessBase"]
[SourceDate "2018.02.23"]
[SourceVersion "1"]
[SourceVersionDate "2018.02.23"]
[SourceQuality "1"]

1. d4 Nf6 2. c4 e6 3. Nc3 Bb4 4. e3 0-0 5. Nge2 Re8 6. a3 Bf8 7. d5 exd5 8. cxd5 a5 9. g3 Na6 10. Bg2 Nc5 11. b3 b6 12. Bb2 Ba6 13. Nc1 b5 14. N3e2 b4 15. axb4 axb4 16. 0-0 Nfe4 17. h4 Be7 18. Qc2 Bf6 19. Bd4 d6 20. Rd1 Qe7 21. f3 Bxe2 22. Nxe2 Rxa1 23. Rxa1 Nc3 24. Nxc3 Bxd4 25. exd4 Qe3+ 26. Kh2 Qxd4 27. Rc1 bxc3 28. Qxc3 Qxc3 29. Rxc3 Rb8 30. Kg1 Rxb3 31. Rxb3 Nxb3 32. Kf2 Kf8 33. Ke3 Ke7 34. g4 Kd7 35. f4 Na5 36. Be4 h6 37. Bf5+ Kd8 38. Be4 c5 39. dxc6 Kc7 40. g5 Nxc6 41. gxh6 gxh6 42. Bd5 f6 43. Be6 Kb6 44. Ke4 Ne7 45. Kd4 Kc6 46. h5 d5 47. Bg4 Kd6 48. Bh3 Nc6+ 49. Kd3 Kc5 50. Be6 Nb4+ 51. Ke3 Kc4 52. Bf7 Kc3 53. Be6 Nc2+ 54. Kf2 d4 55. Bg4 d3 56. Bd1 Kd4 57. Kf3 f5 0-1

[Event "Keres Memorial rap 27th"]
[Site "Tallinn"]
[Date "2018.01.13"]
[Round "5"]
[White "Meskovs, Nikita"]
[Black "Vorobjov, Pavel"]
[Result "1-0"]
[WhiteElo "2546"]
[BlackElo "2222"]
[PlyCount "111"]
[EventDate "2018.01.13"]
[EventType "swiss (rapid)"]
[EventRounds "11"]
[EventCountry "EST"]
[SourceTitle "CBM 182 Extra"]
[Source "ChessBase"]
[SourceDate "2018.02.23"]
[SourceVersion "1"]
[SourceVersionDate "2018.02.23"]
[SourceQuality "1"]

1. d4 d5 2. c4 c6 3. Nf3 Nf6 4. Nc3 e6 5. Bg5 Nbd7 6. e3 Be7 7. Bd3 0-0 8. 0-0 dxc4 9. Bxc4 Nd5 10. Bxe7 Qxe7 11. Rc1 Nxc3 12. Rxc3 e5 13. d5 cxd5 14. Qxd5 e4 15. Nd4 Nf6 16. Qg5 h6 17. Qg3 Bd7 18. Rfc1 Rfc8 19. Bb3 Rxc3 20. Rxc3 Ne8 21. h3 Rc8 22. Bd5 Rxc3 23. bxc3 Nd6 24. c4 b6 25. Qf4 Kh7 26. h4 g6 27. g4 Kg7 28. g5 h5 29. Nb3 Bg4 30. Nd2 Bf5 31. Nf1 Bg4 32. Nd2 Bf5 33. Kh2 Kg8 34. Kg3 Kg7 35. Nb3 Bg4 36. Nd4 Bd7 37. f3 exf3 38. e4 a5 39. Nxf3 Be6 40. Qf6+ Qxf6 41. gxf6+ Kf8 42. Kf4 Nxc4 43. Bxe6 fxe6 44. e5 Nb2 45. Kg5 Nd3 46. Kxg6 b5 47. f7 Nf4+ 48. Kf6 b4 49. Ng5 Nd5+ 50. Kxe6 Nf4+ 51. Kd6 a4 52. e6 Ng6 53. Nh7+ Kg7 54. f8Q+ Nxf8 55. e7 Nxh7 56. e8Q 1-0

[Event "Viljandi Raud Olympic 51st"]
[Site "Viljandi"]
[Date "2017.07.01"]
[Round "3.2"]
[White "Kulaots, Kaido"]
[Black "Vorobjov, Pavel"]
[Result "1-0"]
[WhiteElo "2573"]
[BlackElo "2215"]
[PlyCount "117"]
[EventDate "2017.07.01"]
[EventType "k.o. (rapid)"]
[EventRounds "6"]
[EventCountry "EST"]
[SourceTitle "CBM 179 Extra"]
[Source "ChessBase"]
[SourceDate "2017.08.23"]
[SourceVersion "1"]
[SourceVersionDate "2017.08.23"]
[SourceQuality "1"]

1. e4 c5 2. Nf3 Nc6 3. Nc3 g6 4. d4 cxd4 5. Nxd4 Bg7 6. Be3 d6 7. Bc4 Nf6 8. f3 0-0 9. Qd2 Ne5 10. Bb3 Bd7 11. 0-0-0 Qa5 12. h4 Rfc8 13. Kb1 Nc4 14. Bxc4 Rxc4 15. Nb3 Qc7 16. h5 Rxc3 17. bxc3 Nxh5 18. Bd4 Rc8 19. g4 Nf6 20. Qh2 e5 21. Be3 d5 22. g5 Nh5 23. Rxd5 Be6 24. Rc5 Qb8 25. Rxc8+ Qxc8 26. Rd1 b6 27. Bc1 h6 28. gxh6 Bf6 29. Rg1 Kh7 30. Bg5 Qxc3 31. Bxf6 Nxf6 32. Qf2 Qc6 33. Qh4 Nh5 34. Qe7 Kxh6 35. Rd1 Qb5 36. Qf8+ Kg5 37. Qd8+ Kh6 38. Kc1 Qe2 39. Qh8+ Kg5 40. Qxe5+ Kh6 41. Rd8 f6 42. Qxe6 Qxf3 43. Nd2 Qe3 44. Qd6 Kg5 45. Qd4 Qe1+ 46. Kb2 Qe2 47. Qd3 Qf2 48. Qf3 Qe1 49. Rd3 Nf4 50. Qg3+ Qxg3 51. Rxg3+ Kh4 52. Ra3 a5 53. Rb3 g5 54. Rxb6 Nh5 55. c4 g4 56. c5 Nf4 57. Rxf6 Nd3+ 58. Kc3 Nxc5 59. Kd4 1-0

[Event "Viljandi Raud Olympic 51st"]
[Site "Viljandi"]
[Date "2017.07.01"]
[Round "3.1"]
[White "Vorobjov, Pavel"]
[Black "Kulaots, Kaido"]
[Result "1-0"]
[WhiteElo "2215"]
[BlackElo "2573"]
[PlyCount "99"]
[EventDate "2017.07.01"]
[EventType "k.o. (rapid)"]
[EventRounds "6"]
[EventCountry "EST"]
[SourceTitle "CBM 179 Extra"]
[Source "ChessBase"]
[SourceDate "2017.08.23"]
[SourceVersion "1"]
[SourceVersionDate "2017.08.23"]
[SourceQuality "1"]

1. Nf3 g6 2. g3 Bg7 3. Bg2 Nf6 4. 0-0 0-0 5. c4 c5 6. Nc3 Nc6 7. d4 cxd4 8. Nxd4 Qa5 9. Nc2 d6 10. e4 Bg4 11. f3 Bd7 12. Kh1 Rfc8 13. Bd2 Qd8 14. Rc1 a6 15. Nd5 b5 16. Be3 Rab8 17. c5 Be6 18. cxd6 Qxd6 19. Bf4 Qd8 20. Bxb8 Rxb8 21. Nce3 Ne5 22. f4 Neg4 23. Nxf6+ exf6 24. Nxg4 Qxd1 25. Rfxd1 Bxg4 26. Rd6 a5 27. b3 Bf8 28. Rxf6 Be6 29. Rc6 a4 30. Rfxe6 fxe6 31. e5 Rd8 32. Bh3 Rd1+ 33. Kg2 Rd2+ 34. Kf3 Rxa2 35. Bxe6+ Kh8 36. bxa4 Rxa4 37. Rc8 Kg7 38. Rc7+ Kh8 39. Rb7 b4 40. Bd5 Ra1 41. e6 Re1 42. g4 Bc5 43. f5 gxf5 44. gxf5 Rf1+ 45. Ke4 Re1+ 46. Kd3 Rd1+ 47. Kc4 Bd4 48. e7 Re1 49. Kxd4 Kg7 50. Kc4 1-0

[Event "Keres Memorial rap 26th"]
[Site "Tallinn"]
[Date "2017.01.14"]
[Round "7"]
[White "Vorobjov, Pavel"]
[Black "Sveshnikov, Vladimir"]
[Result "1-0"]
[WhiteElo "2215"]
[BlackElo "2416"]
[PlyCount "115"]
[EventDate "2017.01.14"]
[EventType "swiss (rapid)"]
[EventRounds "11"]
[EventCountry "EST"]
[SourceTitle "CBM 176 Extra"]
[Source "ChessBase"]
[SourceDate "2017.03.02"]
[SourceVersion "1"]
[SourceVersionDate "2017.03.02"]
[SourceQuality "1"]

1. Nf3 d5 2. c4 e6 3. g3 dxc4 4. Qa4+ Bd7 5. Qxc4 c5 6. Bg2 Nc6 7. 0-0 Rc8 8. d3 Nf6 9. Nbd2 a6 10. Qb3 b5 11. e3 Be7 12. Rd1 0-0 13. a3 Qc7 14. Qc2 Rfd8 15. b3 Be8 16. Bb2 Qb6 17. Rac1 h6 18. Qb1 Qb8 19. Bf1 Nd7 20. Qa1 Bf8 21. d4 cxd4 22. Nxd4 Nxd4 23. Bxd4 Rxc1 24. Rxc1 e5 25. Bc3 f6 26. Ba5 Rc8 27. Rxc8 Qxc8 28. a4 b4 29. Bc4+ Kh8 30. Qf1 Qc5 31. Bd8 Qc8 32. Ba5 Nb8 33. Qd3 Be7 34. Ne4 Bg6 35. Qd5 Kh7 36. Nd6 Qf8 37. Bxb4 Nd7 38. a5 Qb8 39. Nc8 Qxc8 40. Bxe7 h5 41. h4 Bf5 42. e4 Bg4 43. Bb4 Nb8 44. Qc5 Nc6 45. Bc3 Qd7 46. Bd5 Nd4 47. Bxd4 exd4 48. Qxd4 Qc7 49. b4 Bf3 50. Qa1 f5 51. Qf1 fxe4 52. Qxa6 Qc1+ 53. Qf1 Qd2 54. Bb7 Qxb4 55. a6 Qb6 56. Qe1 Qe6 57. a7 Qh3 58. Bxe4+ 1-0

[Event "EU-ch blitz"]
[Site "Tallinn"]
[Date "2016.12.17"]
[Round "4"]
[White "Andreikin, Dmitry"]
[Black "Vorobjov, Pavel"]
[Result "1-0"]
[WhiteElo "2737"]
[BlackElo "2223"]
[PlyCount "29"]
[EventDate "2016.12.17"]
[EventType "swiss (blitz)"]
[EventRounds "26"]
[EventCountry "EST"]
[SourceTitle "CBM 176 Extra"]
[Source "ChessBase"]
[SourceDate "2017.03.02"]
[SourceVersion "1"]
[SourceVersionDate "2017.03.02"]
[SourceQuality "1"]

1. d4 Nf6 2. c4 e6 3. Nf3 d5 4. g3 Be7 5. Bg2 0-0 6. Nc3 a6 7. 0-0 dxc4 8. Ne5 c5 9. dxc5 Bxc5 10. Nxc4 Qe7 11. Na4 Rd8 12. Qb3 Nbd7 13. Nxc5 Nxc5 14. Qa3 Nfd7 15. b4 1-0

[Event "Baltic zt"]
[Site "Parnu"]
[Date "2016.12.13"]
[Round "9"]
[White "Vorobjov, Pavel"]
[Black "Seeman, Tarvo"]
[Result "0-1"]
[WhiteElo "2223"]
[BlackElo "2420"]
[PlyCount "58"]
[EventDate "2016.12.07"]
[EventType "swiss"]
[EventRounds "9"]
[EventCountry "EST"]
[SourceTitle "CBM 176 Extra"]
[Source "ChessBase"]
[SourceDate "2017.03.02"]
[SourceVersion "1"]
[SourceVersionDate "2017.03.02"]
[SourceQuality "1"]

1. Nf3 g6 2. d4 Nf6 3. c4 Bg7 4. Nc3 0-0 5. e4 d6 6. Be2 e5 7. 0-0 Nc6 8. d5 Ne7 9. Ne1 Nd7 10. Be3 f5 11. f3 f4 12. Bf2 g5 13. Nd3 Ng6 14. c5 Nf6 15. Rc1 Rf7 16. cxd6 cxd6 17. Nb5 g4 18. Qc2 g3 19. hxg3 fxg3 20. Bxg3 Nh5 21. Bf2 Ngf4 22. Nxf4 Nxf4 23. Be3 Bh6 24. Qd2 Rg7 25. g4 Qh4 26. Rxc8+ Rxc8 27. Qe1 Nxe2+ 28. Qxe2 Qg3+ 29. Kh1 Bxe3 0-1